Logo BPK

Biblioteka

Politechniki Koszalińskiej

Zintegrowany monitoring środowiska przyrodniczego = (Rekord nr 32554)

Szczegóły MARC
000 -ETYKIETA REKORDU
podpole kontrolne o stałej długości 01218nam a2200277 i 4500
001 - NUMER KONTROLNY REKORDU
pole kontrolne bg
020 ## - MIĘDZYNARODOWY ZNORMALIZOWANY NUMER KSIĄŻKI - ISBN
ISBN 8387166855
040 ## - ŹRÓDŁO KATALOGOWANIA
Instytucja, która utworzyła rekord BPK
041 0# - KOD JĘZYKA
Kod języka tekstu pl
080 ## - UNIWERSALNA KLASYFIKACJA DZIESIĘTNA - UKD
UKD 502.6(438)
920 ## - Międzynarodowy znormalizowany numer książki – ISBN
ISBN 83-87166-85-5
008 - POLE O STAŁEJ DŁUGOŚCI - DANE KONTROLNE
podpole kontrolne o stałej długości s pl f |000 0 pol
245 00 - TYTUŁ/ODPOWIEDZIALNOŚĆ
Tytuł Zintegrowany monitoring środowiska przyrodniczego =
Ciąg dalszy tytułu Itnegrated [!] monitoring of the natural environment : stacja bazowa Wigry (Wigierski Park Narodowy) : base station Wigry (Wigry National Park) /
Pozostałe elementy strefy tytułu i oznaczenia odpowiedzialności pod red. Lecha Krzysztofiaka ; Państwowa Inspekcja Ochrony Środowiska, Wigierski Park Narodowy.
246 11 - WARIANT TYTUŁU
Tytuł Integrated monitoring of the natural environment
260 ## - STREFA ADRESU WYDAWNICZEGO
Miejsce wydania Warszawa :
Nazwa wydawcy/dystrybutora PIOŚ,
Data publikacji, dystrybucji/powstania dokumentu 1997.
300 ## - STREFA OPISU FIZYCZNEGO
Objętość [2], 154 s. :
Inne cechy fizyczne fot. (w tym kolor.), mapy, wykr. ;
Rozmiary 24 cm.
490 1# - STREFA SERII I DOKUMENTU WIELOCZĘŚCIOWEGO - FORMA NIE DO WYSZUKIWANIA
Tytuł i oznaczenie odpowiedzialności serii Biblioteka Monitoringu Środowiska
504 ## - UWAGA DOTYCZĄCA BIBLIOGRAFII
Informacje o bibliografii Bibliogr. przy rozdz.
650 #9 - HASŁO PRZEDMIOTOWE W FORMIE NAZWY OGÓLNEJ LUB JEDNOSTKOWEJ
Nazwa ogólna lub geograficzna Środowisko człowieka
Określnik ogólny higiena i ochrona
Określnik geograficzny Polska
Określnik chronologiczny od 1989 r.
651 #9 - HASŁO PRZEDMIOTOWE W FORMIE NAZWY GEOGRAFICZNEJ
Nazwa geograficzna Wigierski Park Narodowy
Określnik ogólny higiena
700 1# - HASŁO DODATKOWE - NAZWA OSOBOWA
Nazwa osobowa KRZYSZTOFIAK, Lech.
Określenie związku między hasłem a opisywanym materiałem rd
711 2# - HASŁO DODATKOWE - NAZWA IMPREZY
Nazwa imprezy Państwowa Inspekcja Ochrony Środowiska (Warszawa)
Nazwa jednostki podrzędnej Inst. sprawcza
711 2# - HASŁO DODATKOWE - NAZWA IMPREZY
Nazwa imprezy Wigierski Park Narodowy (Wigry)
Nazwa jednostki podrzędnej Inst. sprawcza
830 ## - HASŁO DODATKOWE SERII LUB DOKUMENTU WIELOCZĘŚCIOWEGO - TYTUŁ UJEDNOLICONY
Tytuł ujednolicony Biblioteka Monitoringu Środowiska
856 ## - LOKALIZACJA I DOSTĘP DO ELEKTRONICZNYCH DOKUMENTÓW ZDALNYCH
Link (URL) http://koha.tu.koszalin.pl/cgi-bin/koha/opac-detail.pl?biblionumber=32554
Tekst linku Katalog online BPK
942 ## - DODATKOWE ELEMENTY (KOHA)
Typ dokumentu Książka
Egzemplarze
Wycofany Status egzemplarza Uszkodzony Dostępność Lokalizacja stała Lokalizacja bieżąca Miejsce przechowywania Sygnatura Kod kreskowy Dział Typ dokumentu
      Tylko na miejscu Biblioteka Politechniki Koszalińskiej Biblioteka Politechniki Koszalińskiej Czytelnia BG 41720 01295535 502.5 Krajobraz. Rezerwaty Książka
© 2023 Biblioteka Politechniki Koszalińskiej :: KOHA